| 000 | 00780nam a22002297a 4500 | ||
|---|---|---|---|
| 003 | OSt | ||
| 005 | 20250805070515.0 | ||
| 008 | 250805b |||||||| |||| 00| 0 eng d | ||
| 020 | _a978-621-04-0383-1 | ||
| 040 |
_aDWC-Main Lib _cOC |
||
| 082 | _aFil. 658.3008 A356m 2020 | ||
| 100 | _aAlcuaz, Vic | ||
| 245 |
_aMulticultural diversity in the workplace for the tourism professional/ _cVic Alcuaz & Ma. Christina G. Aquino |
||
| 250 | _aFirst edition | ||
| 260 |
_aManila, Philippines : _bRex Bookstore , _cc2020. |
||
| 300 |
_a189 pages : _billustrations ; _c25cm. |
||
| 504 | _aIncludes index. | ||
| 650 | _a1. Diversity in the workplace. | ||
| 650 | _a2. Multicultural education. | ||
| 700 | _aAquino, Ma. Christina G. | ||
| 942 |
_2ddc _cBK - FIL _eFirst edition _kFil. _n0 |
||
| 999 |
_c3944 _d3944 |
||